01152nam a2200289 i 4500003000900000005001700009007000300026008004100029040003000070082001800100100002800118245012700146260006300273300004800336336002700384337003400411338002800445490001400473504003200487590002700519650003000546650005400576910001400630942001400644952018700658999001700845DO-SdBNP20230912133824.0ta110330s1996 dr ab 000 0 spa d aDO-SdBNPbspacBNPHUerda a929.92bM433b1 aMatos G., Ramiro93853313aLa bandera y el escudo dominicano :bescudos heráldicos y otras banderas que han tremolado en la isla /cRamiro Matos G. aSanto Domingo :bUniversidad Tecnológica del Sur,c1996. a401 páginasbilustraciones, mapasc23 cm. 2rdacontentatextobtxt 2rdamediaasin mediación bn 2rdacarrieravolumenbnc1 aUTESURv1 aBibliografía : p. 387-390 aInventariado, 2023/ YL 4aEscudos nacionales954219 4aBanderaszRepública DominicanaxHistoria954220 aYlockward 2ddccLBS1 00102ddc51708PDaBNPHUbBNPHUcCTd2014-12-01eBarbara Suncarl0o929.92 M433bp2023-5786r2023-09-12w2023-09-12yLBS1zPerteneció a la biblioteca personal de Bárbara Suncar c54707d54707